00282 a2200109 4500001000700000020000600007040001100013100003600024240005400060245004900114362000900163168862 a  cMagnum aBianchi, Anna Cecilia de Moraes10aManual de orientacao: estagio supervisionadolpor10aManual de orientacao: estagio supervisionado0 a1899